Countries Branko Crvenovski Visited - Statistics

General Stats
  • This quiz has been taken 13 times
  • The average score is 10 of 11
Answer Stats
Continent Country % Correct
Europe Albania
100%
Europe Bulgaria
100%
Europe Croatia
100%
Europe Hungary
100%
Europe Slovenia
100%
Europe Bosnia and Herzegovina
89%
Europe Moldova
89%
Europe Poland
89%
Europe Serbia
89%
Europe Slovakia
89%
Europe Germany
78%
No matching quizzes found
Score Distribution
Percent of People with Each Score
Percentile by Number Answered
Your Score History
You have not taken this quiz